Statistiques concernant Santé Publique IFSI 1.2

Cliquez ici pour prendre le quiz!

Statistiques générales

  • Ce quiz a été pris 13 fois
  • Le résultat moyen est 4 sur 10

Statistiques - réponses

QuestionRéponse% Correct
En qu'elle année est apparu la Charte d'Ottawa ?1986
77%
lequel de ces indicateur n'est pas un indicateur de santé ?indice de dévelopement humain
69%
Quel definition correspond a celle de la santé publique ?emsemble des savoirs et des savoirs faire, des pratiques et des règles juridiques qui visent a connaitre, à expliquer, à préserver, à protéger, et à proumouvoir l'état de santé des personnes.
62%
Laquelle de ces définitions est celle de la pauvretéEtat de manque en termes de biens ou de position sociale telle que la personne est incapable de vivre de la même façon que la moyenne des autres personnes de la société
54%
Quels sont les 4 principes fondamentaux de la sécurité sanitaire ?évaluation-précaution-impartialité-transparence
46%
De quel prévention fait partie le dépistage ?secondaire
46%
Quel action ne fait pas partie de la Charte d'Ottawa ?augmentation du nombre des établissements de santé
23%
laquel de ces propositions n'est pas une des principales vigilances dans le domaine de la santé publique ?consentovigilance
23%
Quel problème de santé nest pas un des principales probléme de santé à l'âge de l'Enfanceprématurité
23%
A quel termes correspond cette définition ? Différences dans le domaine de la santé qui sont inacceptables et potentiellement évitables, mais, de plus, qui sont considérées comme injusteiniquité en santé
8%

Distribution des résultats

Percentile par nombre de réponses

% des personnes avec chaque résultat

Votre développement - résultats

Vous n’avez pas pris ce quiz